Μερικά συμπεράσματα για την κατάσταση και τη δουλειά των κομματικών μας οργανώσεων εξωτερικού έπειτα απ'την ΙΙΙ συνδιάσκεψη του ΚΚΕ
Saved in:
| Main Author: | |
|---|---|
| Format: | Book |
| Language: | Greek |
| Published: |
[χ.τ.] :
[χ.ε.],
1951.
|
| Subjects: | |
| Tags: |
Add Tag
No Tags, Be the first to tag this record!
|
MARC
| LEADER | 00000cam a2200000 a 4500 | ||
|---|---|---|---|
| 001 | 1/114173 | ||
| 008 | 170530s1951####xx | ||| |||| ||gre|| | ||
| 040 | |a GR-MyUa |b gre |c GR-MyUa |e AACR2 | ||
| 041 | 0 | |a gre | |
| 082 | 7 | |a 320.53209495 |2 (23) | |
| 100 | 1 | |a Μπαρτζιώτας, Βασίλης Γ., |d 1909- | |
| 245 | 1 | 0 | |a Μερικά συμπεράσματα για την κατάσταση και τη δουλειά των κομματικών μας οργανώσεων εξωτερικού έπειτα απ'την ΙΙΙ συνδιάσκεψη του ΚΚΕ / |c Βασίλη Μπαρτζιώτα. |
| 260 | |a [χ.τ.] : |b [χ.ε.], |c 1951. | ||
| 300 | |a 29 σ. ; |c 21 εκ. | ||
| 506 | 1 | |a Μόνο για ανάγνωση. Βρίσκεται σε ειδικό ράφι. Διαθέσιμο εάν ζητηθεί. | |
| 610 | 2 | 0 | |a Κομμουνιστικό Κόμμα Ελλάδος. |
| 650 | 0 | |a Communism |z Greece |x History. | |
| 852 | |a INST |b LESVOS |e 20170530 |h 320.53209495 ΜΠΑ |p 005100059514 |q 005100059514 |t BK |y 0 | ||
| 970 | |a Τζαφέρη |b Ευαγγελία |z 30-05-2017 | ||